| 000 | 00512nam a2200145 a 4500 | ||
|---|---|---|---|
| 008 | 120416s1972 ||||||||||||||||| || u | ||
| 050 | _aHF 5429.6.G7 Tho | ||
| 100 | _aThomas, Peter Godfrey | ||
| 245 | 1 | 0 | _aModern retailing techniques |
| 250 | _a3rd. ed. | ||
| 260 |
_aLondon _bMacdonald and Evans _c1972 |
||
| 300 | _a208p. : ill. | ||
| 350 | _a0.00 | ||
| 995 |
_D0.00 _FCBU-MAIN LIBRARY (Kitwe) _H1 _I1.75 _UAVAILABLE _ZMain Library Open Access Collection |
||
| 999 |
_c51516 _d51516 |
||